000
00337 a2200169 4500
001
191392
020
_a
85-325-2006-5
040
_c
Magnum
100
_a
Betto, Frei
240
1
0
_a
A mosca azul
_l
por
245
1
0
_a
A mosca azul
300
_a
317
362
0
_a
2006
440
1
_a
Rocco
697
_a
LITERATURA JUVENIL
942
_c
BK
999
_c
191392
_d
191392